| 000 | 00709nam a22002057a 4500 | ||
|---|---|---|---|
| 999 |
_c20172 _d20172 |
||
| 003 | AR-CdUCM | ||
| 008 | 190527b ||||| |||| 00| 0 spa d | ||
| 040 |
_aMUNICIPALIDAD PROVINCIAL DEL CUSCO _cBIBLIOTECA MUNICIPAL DEL CUSCO |
||
| 082 |
_a011 / _bM26 |
||
| 100 |
_aMartínez, Héctor, Cameo C., Miguel y otros _942174 |
||
| 245 | _aBibliografía indígena andina peruana(1900-1968) / | ||
| 260 |
_aLima : _c1968. |
||
| 300 |
_a157 páginas ; _c30 cm. |
||
| 505 | _aContenido: Perú -- Historia -- Comunidades indígenas -- Organización económica... | ||
| 650 |
_aHistoria peruana _91316 |
||
| 650 |
_aIndigenismo _9208 |
||
| 650 |
_aPueblos peruanos _942175 |
||
| 942 |
_2ddc _cLIBROS |
||
| 945 | _aAndy | ||